1831 1427 1625 1694 1205 1129 1014 1352 1618 1602 1292 1592 1644 1933 1158 1548 1743 1814 1966 1774 1872 1081 1865 1259 1950 1782 1337 1507 1923 1470 1540 1070 1992 1651 1392 1128 1328 1150 1645 1674 1270 1837 1831 1588 1785 1834 1075 1607 1789 1024 1683 1445 1364 1202 1005 1603 1332 1883 1785 1917 1529 1893 1655 1671 1758 1625 1849 1450 1666 1221 1529 1947 1264 1024 1301 1617 1692 1435 1010 1791 1803 1207 1486 1864 1310 1824 1910 1700 1600 1222 1666 1732 1350 1705 1274 1127 1912 1728 1994 BCNSPRNW ULIB Ver.6.0+V

เปลี่ยนเป็นภาษาไทย

Change to English
 แสดงรายละเอียดบรรณานุกรม
  กลับหน้าหลัก

Brief Record : Get Marc (ISO 2709) : E-mail record : QR code < ปิดหน้าต่าง
LEADER : 00000nam 2200000uu 4500
001    13399120502
003     ULIB
008    020711s2547 th a 000 0 tha d
020    9789748317946
050    WB320 ม175ก
100    มนูญ บัญชรเทวกุล
245    การฟื้นฟูอาการอัมพาตหรืออัมพฤกษ์ครึ่งซีก/^cมนูญ บัญชรเทวกุล
250    พิมพ์ครั้งที่ 3
260     ^bม.ป.ท.,^c2547
300    104 หน้า
650    อัมพาตครึ่งซีก
945    ^p0^l0^i13924
999    ^aทศพร เกษรทอง
รายการนี้ยังไม่มีแท็ก
คุณยังไม่ได้ล็อกอิน คุณสามารถมีกิจกรรมร่วมกับเว็บไซต์ได้ แต่ต้องล็อกอินก่อน ::
  ล็อกอิน

รายการสื่อสารสนเทศ

ลำดับที่ ประเภท เลขเรียก/บาร์โค้ด สถานที่ สถานะ
1. วิทยาศาสตร์การแพทย์ และสุขภาพ
วิทยาศาสตร์การแพทย์ และสุขภาพ
WB320 ม175ก  
  Barcode: 13924
ห้องสมุดวิทยาเขตสวรรค์ประชารักษ์
►หนังสือทั่วไป
บนชั้น

รายการใกล้เคียง
    ผู้แต่ง [มนูญ บัญชรเทวกุล]

    หัวเรื่อง [อัมพาตครึ่งซีก]

BibComment


ยังไม่เคยถูกคอมเมนท์

คอมเมนท์ทรัพยากรรายการนี้
  คอมเมนท์: การฟื้นฟูอาการอัม..


 Copyright 2026. Bcnsprnw @Library